[Event "Ekaterinburg Scerbin Memorial Blitz"]
[Site "Ekaterinburg"]
[Date "2024.01.12"]
[Round "5"]
[White "Drygalov, Sergey"]
[Black "Totsky, Leonid"]
[Result "1-0"]
[WhiteElo "2547"]
[BlackElo "2469"]
[PlyCount "48"]
[EventDate "2024.01.12"]
[EventType "swiss (blitz)"]
[EventRounds "13"]
[EventCountry "RUS"]
[SourceTitle "CB03_2024"]
[SourceDate "2024.01.17"]
[SourceVersion "1"]
[SourceVersionDate "2024.01.17"]
[SourceQuality "1"]

1. d4 d5 2. c4 e6 3. Nf3 Nf6 4. Nc3 c6 5. e3 Nbd7 6. Qc2 Bd6 7. Bd3 0-0 8. 0-0 dxc4 9. Bxc4 b5 10. Be2 Bb7 11. e4 e5 12. a4 exd4 13. Nxd4 Ne5 14. Nf5 Re8 15. Bg5 Bf8 16. Rad1 Ned7 17. Nxb5 Qb6 18. Nbd6 Re6 19. Bc4 Ba6 20. Rfe1 Bxc4 21. Nxc4 Qa6 22. Nd4 g6 23. e5 Ree8 24. e6 Nd5 1-0

[Event "Ekaterinburg Scerbin Memorial"]
[Site "Ekaterinburg"]
[Date "2021.12.18"]
[Round "7"]
[White "Chigaev, Maksim"]
[Black "Totsky, Leonid"]
[Result "1-0"]
[WhiteElo "2632"]
[BlackElo "2469"]
[PlyCount "79"]
[EventDate "2021.12.18"]
[EventType "swiss (rapid)"]
[EventRounds "9"]
[EventCountry "RUS"]
[SourceTitle "CBM 205 Extra"]
[Source "ChessBase"]
[SourceDate "2022.01.31"]
[SourceVersion "1"]
[SourceVersionDate "2022.01.31"]
[SourceQuality "1"]

1. d4 d5 2. Nf3 Bf5 3. Bf4 e6 4. c4 Bd6 5. Bxd6 Qxd6 6. Qb3 Qb6 7. c5 Qxb3 8. axb3 Bxb1 9. Rxb1 Nc6 10. e3 Nge7 11. Kd2 f6 12. Kc3 a5 13. Bb5 Kf7 14. Ra1 Nb4 15. Ne1 c6 16. Be2 Ra7 17. Nd3 Rha8 18. h4 Nxd3 19. Bxd3 h5 20. Ra4 Nc8 21. Be2 g6 22. g4 hxg4 23. Bxg4 Ne7 24. Be2 Ke8 25. h5 gxh5 26. Rxh5 Kd7 27. Rh7 Rg8 28. Ra1 Rg2 29. Rf1 Ra8 30. Bf3 Rg5 31. Rfh1 Rag8 32. Rf7 f5 33. Rhh7 Re8 34. Bh5 Kd8 35. Rf6 Ng8 36. Rg6 Rxg6 37. Bxg6 Re7 38. Rh8 Rg7 39. Bh7 Ke7 40. Bxg8 1-0

[Event "Ekaterinburg Scerbin Memorial"]
[Site "Ekaterinburg"]
[Date "2021.12.18"]
[Round "9"]
[White "Fedotov, Alexey"]
[Black "Totsky, Leonid"]
[Result "1-0"]
[WhiteElo "2175"]
[BlackElo "2469"]
[PlyCount "79"]
[EventDate "2021.12.18"]
[EventType "swiss (rapid)"]
[EventRounds "9"]
[EventCountry "RUS"]
[SourceTitle "CBM 205 Extra"]
[Source "ChessBase"]
[SourceDate "2022.01.31"]
[SourceVersion "1"]
[SourceVersionDate "2022.01.31"]
[SourceQuality "1"]

1. d4 e6 2. c4 b6 3. e4 Bb7 4. Bd3 f5 5. exf5 Bb4+ 6. Kf1 Nf6 7. Nc3 0-0 8. Bg5 Nc6 9. Nf3 Qe8 10. fxe6 dxe6 11. Qe2 Kh8 12. Bxf6 Rxf6 13. Ne4 Rh6 14. Neg5 Qd7 15. d5 exd5 16. cxd5 Na5 17. Ne5 Qxd5 18. Ngf7+ Kg8 19. Nxh6+ gxh6 20. Bc4 Nxc4 21. Qxc4 Re8 22. Qxd5+ Bxd5 23. Ng4 Kg7 24. Ne3 Be6 25. Rc1 Bc5 26. a3 a5 27. Ke2 a4 28. h3 h5 29. Rhd1 Bc8 30. Rd5 Ba6+ 31. Kd2 Kg6 32. g4 hxg4 33. hxg4 Bb7 34. Rd7 Bf3 35. Rxc7 Re5 36. Rc4 h6 37. Rxa4 Kg5 38. Rg7+ Kf6 39. Rg8 Re7 40. Rf4+ 1-0

[Event "Ekaterinburg Scerbin Memorial"]
[Site "Ekaterinburg"]
[Date "2021.12.18"]
[Round "4"]
[White "Totsky, Leonid"]
[Black "Kharitonov, Egor1111"]
[Result "1-0"]
[WhiteElo "2469"]
[BlackElo "1950"]
[PlyCount "67"]
[EventDate "2021.12.18"]
[EventType "swiss (rapid)"]
[EventRounds "9"]
[EventCountry "RUS"]
[SourceTitle "CBM 205 Extra"]
[Source "ChessBase"]
[SourceDate "2022.01.31"]
[SourceVersion "1"]
[SourceVersionDate "2022.01.31"]
[SourceQuality "1"]

1. e4 c5 2. Nf3 e6 3. d3 Nc6 4. g3 Nf6 5. Bg2 d5 6. Qe2 Be7 7. 0-0 0-0 8. e5 Nd7 9. c4 dxc4 10. dxc4 Qc7 11. Bf4 b6 12. Nc3 a6 13. Rad1 Bb7 14. Nd5 exd5 15. e6 Bd6 16. Bxd6 Qxd6 17. Rxd5 Nd4 18. Nxd4 Bxd5 19. Bxd5 cxd4 20. exf7+ Kh8 21. Bxa8 Ne5 22. Bd5 Nxf7 23. Rd1 Ne5 24. f4 Nd7 25. Qe6 Qxe6 26. Bxe6 Nc5 27. Bd5 d3 28. b4 Na4 29. Rxd3 Rd8 30. Be4 Rc8 31. Bb7 Rb8 32. Bxa6 h6 33. Bb5 Ra8 34. Ra3 1-0

[Event "Pardubice Czech op 22nd"]
[Site "Pardubice"]
[Date "2011.07.30"]
[Round "9"]
[White "Jedlicka, Ales"]
[Black "Totsky, Leonid"]
[Result "0-1"]
[WhiteElo "2282"]
[BlackElo "2484"]
[PlyCount "102"]
[EventDate "2011.07.22"]
[EventType "swiss"]
[EventRounds "9"]
[EventCountry "CZE"]
[SourceTitle "CBM 143 Extra"]
[Source "ChessBase"]
[SourceDate "2011.08.29"]
[SourceVersion "1"]
[SourceVersionDate "2011.08.29"]
[SourceQuality "1"]

1. d4 e6 2. Nf3 f5 3. g3 Nf6 4. Bg2 d5 5. 0-0 Bd6 6. c4 c6 7. Nbd2 Nbd7 8. b3 0-0 9. Bb2 Ne4 10. Ne5 Nxe5 11. dxe5 Bc5 12. Nxe4 fxe4 13. e3 b6 14. Rc1 Bd7 15. Rc2 Qe7 16. Bd4 Bb4 17. Qe2 Rad8 18. a4 Be8 19. Rfc1 c5 20. Bb2 Bg6 21. Rd1 Qg5 22. h4 Qe7 23. Rcc1 h6 24. cxd5 exd5 25. Bh3 Bf5 26. Bxf5 Rxf5 27. Qg4 Qe6 28. Rc4 h5 29. Qe2 Rdf8 30. Rc2 Rf3 31. Kg2 Kh8 32. Rf1 Qg4 33. Qd1 d4 34. e6 d3 35. e7 Re8 36. Rc4 Rxe7 37. Rxe4 Rxg3+ 38. fxg3 Qxe4+ 39. Kh2 Qd5 40. Rf8+ Kh7 41. Qf1 d2 42. Bxg7 Rxg7 43. Qb1+ Rg6 44. Qb2 Rg8 45. Qc2+ Kg7 46. Rf1 Re8 47. Qb2+ Qe5 48. Qc2 Qxe3 49. Qf5 Qe2+ 50. Kg1 Qxf1+ 51. Kxf1 d1Q+ 0-1

[Event "Pardubice Czech op 22nd"]
[Site "Pardubice"]
[Date "2011.07.26"]
[Round "5"]
[White "De Verdier, Michael Carl Adam"]
[Black "Totsky, Leonid"]
[Result "1/2-1/2"]
[WhiteElo "2359"]
[BlackElo "2484"]
[PlyCount "47"]
[EventDate "2011.07.22"]
[EventType "swiss"]
[EventRounds "9"]
[EventCountry "CZE"]
[SourceTitle "CBM 143 Extra"]
[Source "ChessBase"]
[SourceDate "2011.08.29"]
[SourceVersion "1"]
[SourceVersionDate "2011.08.29"]
[SourceQuality "1"]

1. c4 f5 2. Nf3 Nf6 3. g3 e6 4. Bg2 d5 5. 0-0 Bd6 6. b3 Qe7 7. Bb2 0-0 8. Nc3 c6 9. cxd5 exd5 10. e3 Nbd7 11. Ne2 Nc5 12. Qc2 a5 13. Ned4 Nfe4 14. d3 Nf6 15. a3 Bd7 16. Bc3 Na6 17. Qb2 c5 18. Ne2 Nc7 19. Be5 b5 20. Bxd6 Qxd6 21. Ne5 Rab8 22. Rfc1 Ne6 23. Nf4 Nxf4 24. gxf4 1/2-1/2

[Event "Pardubice op rap 22nd"]
[Site "Pardubice"]
[Date "2011.07.21"]
[Round "6"]
[White "Totsky, Leonid"]
[Black "Akesson, Ralf"]
[Result "1-0"]
[WhiteElo "2484"]
[BlackElo "2429"]
[PlyCount "105"]
[EventDate "2011.07.20"]
[EventType "swiss (rapid)"]
[EventRounds "9"]
[EventCountry "CZE"]
[SourceTitle "CBM 143 Extra"]
[Source "ChessBase"]
[SourceDate "2011.08.29"]
[SourceVersion "1"]
[SourceVersionDate "2011.08.29"]
[SourceQuality "1"]

1. e3 Nf6 2. b3 g6 3. Bb2 Bg7 4. Nf3 0-0 5. c4 d6 6. d4 Nbd7 7. Be2 e5 8. dxe5 dxe5 9. 0-0 e4 10. Nfd2 Re8 11. Nc3 Nc5 12. Qc2 Nd3 13. Ba3 Bf5 14. Rad1 Qc8 15. f3 Ne5 16. Ndxe4 Nxe4 17. fxe4 Be6 18. Nd5 c5 19. Nf6+ Bxf6 20. Rxf6 Qc7 21. Bb2 Rad8 22. Qc3 Rxd1+ 23. Bxd1 Bc8 24. Rf2 b6 25. h3 Bb7 26. Bc2 Re6 27. Rd2 f6 28. Rd1 Kf7 29. Kf2 Ke7 30. Kg1 Nf7 31. Rf1 Qe5 32. Rf4 Qxc3 33. Bxc3 Nd6 34. e5 fxe5 35. Rh4 h5 36. g4 Be4 37. Bxe4 g5 38. Bd5 gxh4 39. Bxe6 Kxe6 40. gxh5 Ne4 41. h6 Ng5 42. Kg2 Kf5 43. Be1 Ke4 44. Bxh4 Nh7 45. Kg3 Kxe3 46. Kg4 Ke4 47. Bg3 a6 48. a4 a5 49. h4 Kd4 50. Kf5 e4 51. Kg6 Nf8+ 52. Kf7 Nh7 53. Kg7 1-0

[Event "Pardubice op rap 22nd"]
[Site "Pardubice"]
[Date "2011.07.21"]
[Round "8"]
[White "Totsky, Leonid"]
[Black "Navara, David"]
[Result "0-1"]
[WhiteElo "2484"]
[BlackElo "2722"]
[PlyCount "42"]
[EventDate "2011.07.20"]
[EventType "swiss (rapid)"]
[EventRounds "9"]
[EventCountry "CZE"]
[SourceTitle "CBM 143 Extra"]
[Source "ChessBase"]
[SourceDate "2011.08.29"]
[SourceVersion "1"]
[SourceVersionDate "2011.08.29"]
[SourceQuality "1"]

1. e3 d5 2. c4 e6 3. b3 Nf6 4. Bb2 c5 5. Nf3 Nc6 6. cxd5 exd5 7. Bb5 Bd6 8. Ne5 Qc7 9. Nxc6 bxc6 10. Be2 Bxh2 11. Bxf6 gxf6 12. Qc2 Be5 13. Nc3 d4 14. f4 dxc3 15. fxe5 cxd2+ 16. Kxd2 Qxe5 17. Bf3 Bf5 18. e4 0-0-0+ 19. Ke2 Rhe8 20. Rac1 Bxe4 21. Bxe4 Qf4 0-1

[Event "Pardubice opJ"]
[Site "Pardubice"]
[Date "2011.07.20"]
[Round "7"]
[White "Totsky, Leonid"]
[Black "Goryachkina, Aleksandra"]
[Result "1/2-1/2"]
[WhiteElo "2484"]
[BlackElo "2103"]
[PlyCount "37"]
[EventDate "2011.07.15"]
[EventType "swiss"]
[EventRounds "7"]
[EventCountry "CZE"]
[SourceTitle "CBM 143 Extra"]
[Source "ChessBase"]
[SourceDate "2011.08.29"]
[SourceVersion "1"]
[SourceVersionDate "2011.08.29"]
[SourceQuality "1"]

1. Nf3 d5 2. g3 Nf6 3. Bg2 c5 4. c4 Nc6 5. cxd5 Nxd5 6. d4 e6 7. 0-0 Be7 8. Nc3 0-0 9. e4 Nxc3 10. bxc3 Bf6 11. Ba3 Be7 12. Qa4 cxd4 13. Bxe7 Qxe7 14. cxd4 Bd7 15. Qb3 b5 16. Rfd1 Na5 17. Qe3 Nc4 18. Qf4 f6 19. Bf1 1/2-1/2

[Event "Pardubice opJ"]
[Site "Pardubice"]
[Date "2011.07.17"]
[Round "4"]
[White "Gergel, Vladimir P"]
[Black "Totsky, Leonid"]
[Result "0-1"]
[WhiteElo "2277"]
[BlackElo "2484"]
[PlyCount "117"]
[EventDate "2011.07.15"]
[EventType "swiss"]
[EventRounds "7"]
[EventCountry "CZE"]
[SourceTitle "CBM 143 Extra"]
[Source "ChessBase"]
[SourceDate "2011.08.29"]
[SourceVersion "1"]
[SourceVersionDate "2011.08.29"]
[SourceQuality "1"]

1. d4 e6 2. c4 b6 3. Nf3 Bb7 4. e3 f5 5. Nc3 Nf6 6. Be2 g6 7. b3 Bg7 8. Ba3 d6 9. Ng5 Qd7 10. Bf3 d5 11. h4 Ne4 12. Ncxe4 dxe4 13. Be2 Nc6 14. Qc2 h6 15. Nh3 0-0-0 16. 0-0-0 Bf6 17. Nf4 g5 18. Ng6 Rhg8 19. h5 Qg7 20. Kb1 Kb8 21. Rd2 Ne7 22. Nxe7 Bxe7 23. c5 Bd5 24. Rc1 c6 25. Qb2 b5 26. Bb4 Rd7 27. Ba5 Rb7 28. Qc2 g4 29. g3 Qf7 30. Rh1 Rg5 31. Rdd1 Rxh5 32. Qc1 Bg5 33. Rxh5 Qxh5 34. Rh1 Qe8 35. Bc3 Rh7 36. Kc2 h5 37. a4 h4 38. axb5 cxb5 39. Qa3 Bc6 40. Qa6 Qd7 41. gxh4 Rxh4 42. d5 exd5 43. Be5+ Ka8 44. Ra1 Bd8 45. b4 Qb7 46. Qa3 Bc7 47. Qc3 Bxe5 48. Qxe5 Qd7 49. Kc3 Kb7 50. Rd1 Rh7 51. Rd4 Rf7 52. Qh2 Qc7 53. Qg1 Rh7 54. Qf1 a6 55. Qd1 Qe5 56. Kb3 Rh2 57. Qg1 g3 58. f4 exf3 59. Bxf3 0-1

[Event "Pardubice opJ"]
[Site "Pardubice"]
[Date "2011.07.17"]
[Round "3"]
[White "Totsky, Leonid"]
[Black "Maslak, Alexander"]
[Result "1-0"]
[WhiteElo "2484"]
[BlackElo "2186"]
[PlyCount "141"]
[EventDate "2011.07.15"]
[EventType "swiss"]
[EventRounds "7"]
[EventCountry "CZE"]
[SourceTitle "CBM 143 Extra"]
[Source "ChessBase"]
[SourceDate "2011.08.29"]
[SourceVersion "1"]
[SourceVersionDate "2011.08.29"]
[SourceQuality "1"]

1. Nf3 g6 2. e4 c5 3. Bc4 Bg7 4. c3 Qc7 5. 0-0 d6 6. Qb3 Nh6 7. d4 0-0 8. d5 Nd7 9. a4 Ng4 10. Na3 a6 11. h3 Ngf6 12. Re1 Rb8 13. Bf4 Ne5 14. Bxe5 dxe5 15. Bf1 Ne8 16. Nc4 b5 17. axb5 axb5 18. Na3 c4 19. Qd1 Nd6 20. Nc2 Bd7 21. Nb4 Ra8 22. Rxa8 Rxa8 23. Qd2 h6 24. g3 Nb7 25. Kh2 Nc5 26. h4 Nb3 27. Qe2 Ra1 28. Rxa1 Nxa1 29. Bh3 Be8 30. h5 g5 31. Nd2 Qa7 32. Kg2 Kf8 33. Bg4 Qa4 34. Qf1 Nb3 35. Nxb3 Qxb3 36. Qa1 Qa4 37. Qxa4 bxa4 38. Be2 e6 39. dxe6 fxe6 40. g4 Ke7 41. Bxc4 Kd6 42. Kf3 Bf6 43. Ke2 Bd8 44. Kd2 Bd7 45. Nd3 Bc7 46. Kc2 Kc6 47. Kb1 Bd6 48. Ka2 Kb6 49. Ne1 Bc6 50. Bd3 Bc7 51. Nc2 Bd6 52. Nb4 Bd7 53. Bc4 Ka5 54. Nc2 Bc6 55. Bxe6 Bxe4 56. Ne3 Bd3 57. Nc4+ Bxc4+ 58. Bxc4 Bc5 59. f3 Be3 60. Bf7 Bc5 61. Bg6 Be3 62. Be8 Bc5 63. b4+ axb3+ 64. Kxb3 Kb6 65. Kc4 Ba3 66. Kd5 Bb2 67. c4 Kc7 68. Ke6 Kd8 69. Bc6 Bd4 70. Kf7 Bc5 71. Be4 1-0

[Event "Pardubice Chladek&Tintera op-A 19th"]
[Site "Pardubice"]
[Date "2008.07.19"]
[Round "2"]
[White "Totsky, Leonid"]
[Black "Nogly, Christoph"]
[Result "1-0"]
[WhiteElo "2492"]
[BlackElo "2287"]
[PlyCount "109"]
[EventDate "2008.07.18"]
[EventType "swiss"]
[EventRounds "9"]
[EventCountry "CZE"]
[SourceTitle "CBM 125 Extra"]
[Source "ChessBase"]
[SourceDate "2008.09.01"]
[SourceVersion "1"]
[SourceVersionDate "2008.09.01"]
[SourceQuality "1"]

1. b3 d5 2. Bb2 Nf6 3. Nf3 c6 4. d3 h6 5. Nbd2 Bf5 6. g3 e6 7. Bg2 Be7 8. 0-0 0-0 9. c4 Nbd7 10. Rc1 Bh7 11. a3 a5 12. Rc2 Qb6 13. Qa1 Rfc8 14. Rfc1 Qd8 15. Bh3 Bf8 16. Bc3 Bd6 17. cxd5 cxd5 18. Bxa5 b6 19. Rxc8 Rxc8 20. Rxc8 Qxc8 21. Bc3 Bf8 22. Bb2 Ne8 23. Qc1 Qxc1+ 24. Bxc1 Nd6 25. Bb2 Be7 26. Kf1 Kf8 27. Ke1 Nb8 28. Kd1 Nc6 29. Ne5 Nxe5 30. Bxe5 Nc8 31. b4 Bg8 32. Bd4 f6 33. f4 Ke8 34. e4 dxe4 35. dxe4 Kd7 36. Kc2 Kc6 37. Kc3 Bd6 38. a4 Bc7 39. b5+ Kb7 40. Nc4 Nd6 41. e5 Nxc4 42. Kxc4 f5 43. Bg2+ Ka7 44. a5 Bf7 45. Bc6 Bd8 46. h4 Bc7 47. Bd7 Kb7 48. a6+ Ka7 49. h5 Bd8 50. Bc3 Be7 51. Bb4 Bxb4 52. Kxb4 Kb8 53. Kc3 Bxh5 54. Bxe6 Be2 55. Bd7 1-0

[Event "Pardubice Synthesia rap op 19th"]
[Site "Pardubice"]
[Date "2008.07.17"]
[Round "5"]
[White "Babula, Vlastimil"]
[Black "Totsky, Leonid"]
[Result "1-0"]
[WhiteElo "2597"]
[BlackElo "2492"]
[PlyCount "89"]
[EventDate "2008.07.16"]
[EventType "swiss (rapid)"]
[EventRounds "9"]
[EventCountry "CZE"]
[SourceTitle "CBM 125 Extra"]
[Source "ChessBase"]
[SourceDate "2008.09.01"]
[SourceVersion "1"]
[SourceVersionDate "2008.09.01"]
[SourceQuality "1"]

1. d4 e6 2. c4 Bb4+ 3. Bd2 Bxd2+ 4. Qxd2 d6 5. Nf3 Nf6 6. Nc3 0-0 7. g3 b6 8. Bg2 Bb7 9. 0-0 Ne4 10. Nxe4 Bxe4 11. Qf4 Bb7 12. e4 Nd7 13. Qe3 Qe7 14. Nh4 g6 15. f4 e5 16. fxe5 dxe5 17. d5 a5 18. Kh1 Nc5 19. Bh3 Rad8 20. Rf2 c6 21. Raf1 Rd6 22. Kg1 Kg7 23. b3 f6 24. a3 cxd5 25. cxd5 Ba6 26. Rd1 Bc8 27. Bxc8 Rxc8 28. Rc1 Rdd8 29. Rfc2 Qb7 30. b4 axb4 31. axb4 Na6 32. Rxc8 Rxc8 33. Rxc8 Qxc8 34. Qxb6 Qc1+ 35. Kg2 Qd2+ 36. Kh3 Nxb4 37. Qc7+ Kh6 38. Qe7 f5 39. exf5 Qc3 40. fxg6 hxg6 41. Qe6 Qd3 42. d6 Nd5 43. Qxe5 Qf1+ 44. Ng2 Nf6 45. Qf4+ 1-0

[Event "Cappelle op 24th"]
[Site "Cappelle la Grande"]
[Date "2008.02.21"]
[Round "7"]
[White "Totsky, Leonid"]
[Black "Kanarek, Marcel"]
[Result "0-1"]
[WhiteElo "2498"]
[BlackElo "2348"]
[PlyCount "124"]
[EventDate "2008.02.16"]
[EventType "swiss"]
[EventRounds "9"]
[EventCountry "FRA"]
[SourceTitle "CBM 122 Extra"]
[Source "ChessBase"]
[SourceDate "2008.03.04"]
[SourceVersion "1"]
[SourceVersionDate "2008.03.04"]
[SourceQuality "1"]

1. e4 c5 2. Nf3 g6 3. Bc4 Bg7 4. 0-0 Nc6 5. c3 d6 6. Re1 Nf6 7. Bb3 0-0 8. h3 e5 9. d3 h6 10. Be3 a6 11. Nbd2 b5 12. Nf1 Bb7 13. Ng3 Qc7 14. Bc2 Nd7 15. Qd2 Kh7 16. Rac1 Nb6 17. Bb1 a5 18. b4 Nd8 19. Qe2 Ne6 20. d4 Nc4 21. bxc5 dxc5 22. Nf5 Nxe3 23. Nxg7 Kxg7 24. Qxe3 f6 25. Bd3 c4 26. Bf1 Rfd8 27. d5 Nc5 28. Nh4 Kh7 29. Rb1 Ba6 30. Red1 Qd6 31. Nf3 Rab8 32. Nh2 Kg7 33. Ng4 Rh8 34. a3 Bc8 35. Nh2 Bd7 36. Rd2 Rhc8 37. Ra2 Nxe4 38. Re1 Ng5 39. f4 Nf7 40. fxe5 Nxe5 41. Rd1 Rc7 42. Rd4 Be8 43. Qg3 Rd8 44. Be2 Qc5 45. Nf1 Rxd5 46. Ne3 Rxd4 47. Nf5+ Kh7 48. cxd4 Qb6 49. Kh1 Nf7 50. Ne3 Qd6 51. Qh4 Bd7 52. a4 bxa4 53. Nxc4 Qe6 54. d5 Qxd5 55. Qxf6 Bxh3 56. Bf1 Rxc4 57. Bxc4 Qxc4 58. Rf2 Bf5 59. g4 Be6 60. Qe7 Qe4+ 61. Kh2 Qe5+ 62. Kg1 Qe1+ 0-1

[Event "Cappelle op 24th"]
[Site "Cappelle la Grande"]
[Date "2008.02.20"]
[Round "6"]
[White "Marechal, Andy"]
[Black "Totsky, Leonid"]
[Result "0-1"]
[WhiteElo "2301"]
[BlackElo "2498"]
[PlyCount "60"]
[EventDate "2008.02.16"]
[EventType "swiss"]
[EventRounds "9"]
[EventCountry "FRA"]
[SourceTitle "CBM 122 Extra"]
[Source "ChessBase"]
[SourceDate "2008.03.04"]
[SourceVersion "1"]
[SourceVersionDate "2008.03.04"]
[SourceQuality "1"]

1. e4 e6 2. d4 d5 3. e5 c5 4. c3 Qb6 5. Nf3 Bd7 6. Be2 cxd4 7. cxd4 Bb5 8. Nc3 Bxe2 9. Nxe2 Ne7 10. 0-0 Nd7 11. Nf4 Nc6 12. Be3 Be7 13. Nd3 0-0 14. Rb1 a5 15. Qd2 Rfc8 16. Rbc1 Qb5 17. Rc2 a4 18. Rfc1 Nb6 19. h4 Nc4 20. Qe2 h6 21. Bf4 a3 22. bxa3 Rxa3 23. Rc3 Rca8 24. Rxa3 Rxa3 25. Rc2 Qb1+ 26. Kh2 b6 27. h5 Rxd3 28. Rc1 Rxf3 29. Rxb1 Rxf4 30. g3 Nxd4 0-1

[Event "Cappelle op 24th"]
[Site "Cappelle la Grande"]
[Date "2008.02.18"]
[Round "4"]
[White "Grooten, Herman"]
[Black "Totsky, Leonid"]
[Result "1/2-1/2"]
[WhiteElo "2375"]
[BlackElo "2498"]
[PlyCount "95"]
[EventDate "2008.02.16"]
[EventType "swiss"]
[EventRounds "9"]
[EventCountry "FRA"]
[SourceTitle "CBM 122 Extra"]
[Source "ChessBase"]
[SourceDate "2008.03.04"]
[SourceVersion "1"]
[SourceVersionDate "2008.03.04"]
[SourceQuality "1"]

1. d4 e6 2. c4 b6 3. a3 Bb7 4. Nc3 f5 5. Nh3 g6 6. f3 Nf6 7. Nf2 d5 8. Bf4 Bd6 9. Bxd6 cxd6 10. cxd5 Nxd5 11. Nxd5 exd5 12. e3 0-0 13. Qb3 Qe7 14. 0-0-0 Kg7 15. Kb1 Nc6 16. Bb5 Na5 17. Qb4 Nc4 18. Bxc4 dxc4 19. Qxc4 Qxe3 20. Nd3 Rf7 21. Rhe1 Qg5 22. Re2 Rc8 23. Qa4 Bd5 24. Nb4 f4 25. Ka1 Bc4 26. Rc2 a5 27. Na2 Bb5 28. Qb3 a4 29. Qxf7+ Kxf7 30. Rxc8 Qxg2 31. Rc7+ Kf6 32. Nc3 Qxf3 33. Re1 Bd3 34. Rxh7 Qf2 35. Rd1 Bc2 36. h4 Kf5 37. Rc1 Kg4 38. Re7 f3 39. Nd5 Bb3 40. Re4+ Kg3 41. Ne3 Qe2 42. h5 gxh5 43. Nf5+ Kf2 44. Rh4 Kg2 45. Rch1 f2 46. R1h2+ Kg1 47. Rh1+ Kg2 48. R1h2+ 1/2-1/2

[Event "Cappelle op 24th"]
[Site "Cappelle la Grande"]
[Date "2008.02.18"]
[Round "3"]
[White "Mamedjarova, Zeinab"]
[Black "Totsky, Leonid"]
[Result "0-1"]
[WhiteElo "2332"]
[BlackElo "2498"]
[PlyCount "126"]
[EventDate "2008.02.16"]
[EventType "swiss"]
[EventRounds "9"]
[EventCountry "FRA"]
[SourceTitle "CBM 122 Extra"]
[Source "ChessBase"]
[SourceDate "2008.03.04"]
[SourceVersion "1"]
[SourceVersionDate "2008.03.04"]
[SourceQuality "1"]

1. d4 e6 2. c4 b6 3. Nf3 Bb7 4. e3 Nf6 5. Be2 Bb4+ 6. Bd2 Be7 7. Nc3 0-0 8. Qc2 c5 9. 0-0 Nc6 10. dxc5 bxc5 11. Rad1 d6 12. Bc1 Qa5 13. b3 Rfd8 14. Bb2 Rd7 15. Rd2 Rad8 16. Rfd1 a6 17. h3 h6 18. Qc1 d5 19. cxd5 exd5 20. Qb1 d4 21. Ne4 Nb4 22. Nxf6+ Bxf6 23. exd4 Qxa2 24. Qc1 Qxb3 25. Qxc5 Rc8 26. Qf5 Qd5 27. Qxd5 Bxd5 28. Ne5 Ra7 29. Ba3 a5 30. Rb1 Be7 31. Bg4 Rc3 32. Bb2 Rcc7 33. Rdd1 Be4 34. Rbc1 Bc2 35. Rf1 a4 36. Ra1 Bb3 37. Bd1 Nd5 38. Nc6 Rxc6 39. Bxb3 Rb6 40. Bxd5 Rxb2 41. Rfd1 a3 42. g3 g6 43. Kg2 Kg7 44. Rab1 Bf6 45. Rxb2 axb2 46. Be4 Ra4 47. Kf3 Bxd4 48. Bb1 Be5 49. h4 Kf6 50. Ke2 h5 51. Rd3 Ra1 52. Rd1 Ke6 53. Kd3 Ra3+ 54. Ke2 Rc3 55. Kd2 Bd4 56. Ke2 Kd5 57. Ba2+ Kc5 58. Bb1 Rc1 59. Re1 f5 60. f3 Be5 61. g4 fxg4 62. fxg4 hxg4 63. Rf1 g3 0-1

[Event "Cappelle op 24th"]
[Site "Cappelle la Grande"]
[Date "2008.02.17"]
[Round "2"]
[White "Totsky, Leonid"]
[Black "Moiseenko, Alexander"]
[Result "0-1"]
[WhiteElo "2498"]
[BlackElo "2643"]
[PlyCount "66"]
[EventDate "2008.02.16"]
[EventType "swiss"]
[EventRounds "9"]
[EventCountry "FRA"]
[SourceTitle "CBM 122 Extra"]
[Source "ChessBase"]
[SourceDate "2008.03.04"]
[SourceVersion "1"]
[SourceVersionDate "2008.03.04"]
[SourceQuality "1"]

1. e4 c5 2. g3 d5 3. d3 Nc6 4. exd5 Qxd5 5. Nf3 Bg4 6. Bg2 Nf6 7. h3 Bh5 8. Nc3 Qd7 9. Be3 e6 10. Ne4 Nxe4 11. dxe4 0-0-0 12. Qxd7+ Rxd7 13. c3 Be7 14. g4 Bg6 15. Nd2 Ne5 16. Ke2 Nd3 17. f4 f6 18. b3 Rhd8 19. Rhd1 e5 20. f5 Bf7 21. Rab1 b5 22. Nf3 c4 23. b4 Rd6 24. Rd2 Ra6 25. Rc2 Ra3 26. Rd1 Rd6 27. Bf1 Nxb4 28. Bc5 Rxd1 29. Bxe7 Nxc2 30. Kxd1 Rxa2 31. Bf8 Ne3+ 32. Ke1 Ra1+ 33. Kf2 Nd1+ 0-1

[Event "Pardubice Czech op"]
[Site "Pardubice"]
[Date "2007.07.27"]
[Round "8"]
[White "Totsky, Leonid"]
[Black "Spirin, Oleg"]
[Result "1-0"]
[WhiteElo "2484"]
[BlackElo "2356"]
[PlyCount "131"]
[EventDate "2007.07.20"]
[EventType "swiss"]
[EventRounds "9"]
[EventCountry "CZE"]
[SourceTitle "CBM 119 Extra"]
[Source "ChessBase"]
[SourceDate "2007.09.04"]
[SourceVersion "1"]
[SourceVersionDate "2007.09.04"]
[SourceQuality "1"]

1. b3 c5 2. Bb2 b6 3. Nf3 Bb7 4. e3 e6 5. d4 Nf6 6. Nbd2 Be7 7. Bd3 d6 8. 0-0 0-0 9. Qe2 Nbd7 10. Rad1 Qc7 11. c4 Rfe8 12. Bb1 a6 13. Rfe1 Rac8 14. Nf1 Ne4 15. Ng3 Ndf6 16. Nxe4 Nxe4 17. dxc5 Qxc5 18. Nd4 Qg5 19. f3 Nf6 20. e4 Qc5 21. Kh1 h6 22. Nc2 Nd7 23. Ba3 Qc7 24. Ne3 Bc6 25. Qd2 Nc5 26. Bb2 Nd7 27. Ng4 Bf8 28. Qd4 e5 29. Qd2 b5 30. Ne3 Nb6 31. Bd3 Be7 32. Bf1 Red8 33. Qa5 Qb7 34. Nf5 Bf8 35. Ba3 bxc4 36. bxc4 Qc7 37. Rb1 Na4 38. Qxc7 Rxc7 39. Rb3 g6 40. Ne3 Be7 41. Kg1 Kf8 42. Reb1 Rcc8 43. g3 Bg5 44. Kf2 Ke7 45. Ng4 Ke8 46. h4 Bd2 47. Rd1 Bc3 48. Rxd6 Bd4+ 49. Ke1 Nc5 50. Rxd4 exd4 51. Bxc5 f5 52. Nf6+ Kf7 53. e5 Rb8 54. Bb6 Ba4 55. Bxd8 Bxb3 56. axb3 Rxd8 57. Kd2 a5 58. c5 Rc8 59. Bc4+ Ke7 60. Kd3 Rxc5 61. Kxd4 Rc8 62. Nd5+ Kf8 63. e6 Rb8 64. e7+ Kf7 65. Ke5 Rb7 66. Kd6 1-0

[Event "Pardubice Czech op"]
[Site "Pardubice"]
[Date "2007.07.21"]
[Round "2"]
[White "Totsky, Leonid"]
[Black "Krensing, Jan"]
[Result "1-0"]
[WhiteElo "2484"]
[BlackElo "2325"]
[PlyCount "79"]
[EventDate "2007.07.20"]
[EventType "swiss"]
[EventRounds "9"]
[EventCountry "CZE"]
[SourceTitle "CBM 119 Extra"]
[Source "ChessBase"]
[SourceDate "2007.09.04"]
[SourceVersion "1"]
[SourceVersionDate "2007.09.04"]
[SourceQuality "1"]

1. e4 e6 2. b3 c5 3. Nf3 a6 4. c4 d5 5. exd5 exd5 6. cxd5 Nf6 7. Bb2 Be7 8. Bxf6 Bxf6 9. Nc3 0-0 10. Be2 b6 11. Rc1 Bb7 12. d4 cxd4 13. Ne4 Re8 14. Nxf6+ Qxf6 15. Qxd4 Qxd4 16. Nxd4 Bxd5 17. f3 Nd7 18. Kf2 Nc5 19. Rhd1 Red8 20. b4 Ne6 21. Nc6 Bxc6 22. Rxc6 Rxd1 23. Bxd1 b5 24. Rb6 Kf8 25. Bb3 Nd8 26. Ke3 Ke7 27. Bd5 Ra7 28. Kd4 Rd7 29. Ke5 Ra7 30. h4 Kd7 31. Kd4 Kc7 32. Kc5 Kd7 33. g4 Rc7+ 34. Kd4 Ra7 35. h5 Kc7 36. Kc5 Kd7 37. a3 h6 38. f4 Rc7+ 39. Kd4 Ra7 40. g5 1-0